000 00608nam a2200217Ii 4500
001 2441
003 CO-ViMGA
008 241108s9999||||xx |||||||||||||| ||und||
020 _a9586024913
040 _aCO-ViMGA
_bspa
_erda
_cCO-ViMGA
041 0 _aspa
082 0 4 _a823.91 - A54d
100 1 _aMartin Amis
_950396
245 1 0 _aDinero:
_bCarta de un Suicida
264 1 _aBogotá, Colombia : Anagrama S. A., 1988
300 _avolumen
336 _atext
_btxt
_2rdacontent
337 _aunmediated
_bn
_2rdamedia
338 _avolume
_bnc
_2rdacarrier
940 _aidficha_siabuc: 2393. -- ficha_no_siabuc:2441
999 _c45080
_d45080